[Event "ROU-ch Men 2018"]
[Site "Olanesti"]
[Date "2018.05.19"]
[Round "6"]
[White "Stoleriu, George"]
[Black "Iustin, Silviu"]
[Result "1-0"]
[WhiteElo "2333"]
[BlackElo "1962"]
[Annotator "NA"]
[PlyCount "109"]
[EventDate "2018.??.??"]
[EventType "swiss"]
[EventCountry "ROU"]
[SourceTitle "playchess.com"]
[Source "ChessBase"]
[SourceQuality "1"]
[TimeControl "40/5400+30:1800+30"]

1. Nf3 {[%emt 0:00:00]} Nf6 {[%emt 0:00:13]} 2. c4 {[%emt 0:00:00]} g6 {[%emt 0:00:07]} 3. b3 {[%emt 0:00:52]} Bg7 {[%emt 0:00:26]} 4. Bb2 {[%emt 0:00:04]} O-O {[%emt 0:00:05]} 5. g3 {[%emt 0:00:01]} d6 {[%emt 0:00:12]} 6. Bg2 {[%emt 0:00:12]} e5 {[%emt 0:00:17]} 7. O-O {[%emt 0:00:25]} Nbd7 {[%emt 0:02:26]} 8. d3 {[%emt 0:00:07]} Nh5 {[%emt 0:02:48]} 9. Nc3 {[%emt 0:01:55]} f5 {[%emt 0:03:08]} 10. Nd2 {[%emt 0:00:41]} Ndf6 {[%emt 0:05:32]} 11. Nd5 {[%emt 0:05:29]} c6 {[%emt 0:07:59]} 12. Nxf6+ {[%emt 0:00:07]} Nxf6 {[%emt 0:00:07]} 13. b4 {[%emt 0:01:02]} Qc7 {[%emt 0:03:20]} 14. Rc1 {[%emt 0:05:42]} Qe7 {[%emt 0:06:34]} 15. b5 {[%emt 0:00:57]} c5 {[%emt 0:03:52]} 16. a4 {[%emt 0:01:44]} Rb8 {[%emt 0:04:10]} 17. e3 {[%emt 0:06:10]} Be6 {[%emt 0:05:13]} 18. Qc2 {[%emt 0:02:07]} Rbd8 {[%emt 0:04:08]} 19. Rce1 {[%emt 0:00:55]} Qc7 {[%emt 0:03:35]} 20. f4 {[%emt 0:03:43]} Rde8 {[%emt 0:17:11]} 21. Nf3 {[%emt 0:02:09]} exf4 {[%emt 0:04:39]} 22. exf4 {[%emt 0:01:05]} h6 {[%emt 0:02:42]} 23. Re2 {[%emt 0:06:00]} Bf7 {[%emt 0:01:40]} 24. Rfe1 {[%emt 0:00:07]} Rxe2 {[%emt 0:01:10]} 25. Rxe2 {[%emt 0:00:08]} Re8 {[%emt 0:00:07]} 26. Rxe8+ {[%emt 0:00:21]} Bxe8 {[%emt 0:00:33]} 27. Qe2 {[%emt 0:01:47]} Bf7 {[%emt 0:00:23]} 28. Nd2 {[%emt 0:00:23]} b6 {[%emt 0:03:47]} 29. Nb3 {[%emt 0:00:57]} Kf8 {[%emt 0:00:48]} 30. Qf3 {[%emt 0:04:22]} Qe7 {[%emt 0:03:53]} 31. h3 {[%emt 0:10:05]} Ne8 {[%emt 0:01:26]} 32. Bxg7+ {[%emt 0:01:29]} Kxg7 {[%emt 0:00:11]} 33. Kf2 {[%emt 0:04:50]} Nf6 {[%emt 0:01:06]} 34. Qc6 {[%emt 0:12:32]} Qd7 {[%emt 0:04:47]} 35. a5 {[%emt 0:02:33]} Qd8 {[%emt 0:05:19]} 36. Qb7 {[%emt 0:09:01]} Qd7 {[%emt 0:00:24]} 37. a6 {[%emt 0:00:04]} Kf8 {[%emt 0:02:07]} 38. Bc6 {[%emt 0:00:08]} Qe7 {[%emt 0:00:18]} 39. Nd2 {[%emt 0:02:59]} Bg8 {[%emt 0:00:53]} 40. Qb8+ {[%emt 0:00:00]} Kg7 {[%emt 0:01:09]} 41. Nf1 {[%emt 0:07:47]} h5 {[%emt 0:02:11]} 42. Qb7 {[%emt 0:02:56]} Kf8 {[%emt 0:00:28]} 43. Ne3 {[%emt 0:05:20]} Be6 {[%emt 0:01:30]} 44. Ng2 {[%emt 0:03:21]} Bg8 {[%emt 0:05:27]} 45. Nh4 {[%emt 0:00:24]} Bf7 {[%emt 0:00:10]} 46. Nf3 {[%emt 0:00:19]} Ng8 {[%emt 0:03:28]} 47. Ng5 {[%emt 0:01:29]} Kg7 {[%emt 0:00:27]} 48. Nxf7 {[%emt 0:00:11]} Kxf7 {[%emt 0:07:35]} 49. Bd5+ {[%emt 0:00:13]} Kf8 {[%emt 0:00:06]} 50. Qb8+ {[%emt 0:00:15]} Qe8 {[%emt 0:00:20]} 51. Qxe8+ {[%emt 0:00:25]} Kxe8 {[%emt 0:00:03]} 52. Bxg8 {[%emt 0:00:07]} Ke7 {[%emt 0:00:03]} 53. g4 {[%emt 0:01:03]} h4 {[%emt 0:00:03]} 54. gxf5 {[%emt 0:00:19]} gxf5 {[%emt 0:00:05]} 55. Bh7 {[%emt 0:00:10]} 1-0

[Event "ROU-ch Men 2018"]
[Site "Olanesti"]
[Date "2018.05.19"]
[Round "6"]
[White "Vasiesiu, Victor"]
[Black "Horvat, Dan-Sebastian"]
[Result "1-0"]
[WhiteElo "2327"]
[BlackElo "2152"]
[Annotator "NA"]
[PlyCount "59"]
[EventDate "2018.??.??"]
[EventType "swiss"]
[EventCountry "ROU"]
[SourceTitle "playchess.com"]
[Source "ChessBase"]
[SourceQuality "1"]
[TimeControl "40/5400+30:1800+30"]

1. e4 {[%emt 0:00:00]} c5 {[%emt 0:01:34]} 2. Nf3 {[%emt 0:00:11]} d6 {[%emt 0:00:21]} 3. d4 {[%emt 0:00:05]} cxd4 {[%emt 0:00:05]} 4. Nxd4 {[%emt 0:00:03]} Nf6 {[%emt 0:00:13]} 5. Nc3 {[%emt 0:00:06]} g6 {[%emt 0:00:35]} 6. Be3 {[%emt 0:00:06]} Bg7 {[%emt 0:00:12]} 7. f3 {[%emt 0:00:07]} O-O {[%emt 0:00:15]} 8. Qd2 {[%emt 0:00:06]} Nc6 {[%emt 0:00:13]} 9. O-O-O {[%emt 0:00:35]} Be6 {[%emt 0:19:50]} 10. Nxe6 {[%emt 0:06:44]} fxe6 {[%emt 0:01:14]} 11. Bc4 {[%emt 0:00:04]} Qc8 {[%emt 0:01:37]} 12. Bb3 {[%emt 0:00:45]} Na5 {[%emt 0:04:16]} 13. h4 {[%emt 0:11:50]} Nc4 {[%emt 0:01:26]} 14. Qd3 {[%emt 0:03:24]} Nxe3 {[%emt 0:03:15]} 15. Qxe3 {[%emt 0:00:06]} Nh5 {[%emt 0:00:30]} 16. Ne2 {[%emt 0:02:20]} Be5 {[%emt 0:15:45]} 17. Kb1 {[%emt 0:00:10]} Kh8 {[%emt 0:04:39]} 18. g3 {[%emt 0:18:23]} Bxg3 {[%emt 0:04:29]} 19. Nxg3 {[%emt 0:03:30]} Nxg3 {[%emt 0:00:07]} 20. Rhg1 {[%emt 0:00:18]} Nh5 {[%emt 0:00:48]} 21. Rxg6 {[%emt 0:00:20]} Nf4 {[%emt 0:05:48]} 22. Rg4 {[%emt 0:10:21]} e5 {[%emt 0:02:01]} 23. Rdg1 {[%emt 0:00:32]} e6 {[%emt 0:02:25]} 24. Rg7 {[%emt 0:05:52]} b6 {[%emt 0:01:13]} 25. Qd2 {[%emt 0:02:29]} Qd8 {[%emt 0:20:00]} 26. Bxe6 {[%emt 0:01:19]} Qxh4 {[%emt 0:00:25]} 27. Qxd6 {[%emt 0:02:55]} Nxe6 {[%emt 0:01:38]} 28. Qxe6 {[%emt 0:01:43]} Rae8 {[%emt 0:00:10]} 29. Rf7 {[%emt 0:03:23]} h6 {[%emt 0:05:18]} 30. Rh7+ {[%emt 0:00:14]} 1-0

[Event "ROU-ch Men 2018"]
[Site "Olanesti"]
[Date "2018.05.19"]
[Round "6"]
[White "Banzea, Alexandru-Bogdan"]
[Black "Vasilescu, Lucian-Mihail"]
[Result "1-0"]
[WhiteElo "2325"]
[BlackElo "2243"]
[Annotator "NA"]
[PlyCount "71"]
[EventDate "2018.??.??"]
[EventType "swiss"]
[EventCountry "ROU"]
[SourceTitle "playchess.com"]
[Source "ChessBase"]
[SourceQuality "1"]
[TimeControl "40/5400+30:1800+30"]

1. e4 {[%emt 0:00:00]} c5 {[%emt 0:00:04]} 2. Nf3 {[%emt 0:00:00]} Nc6 {[%emt 0:00:04]} 3. Nc3 {[%emt 0:00:29]} e6 {[%emt 0:00:12]} 4. d4 {[%emt 0:00:14]} cxd4 {[%emt 0:00:05]} 5. Nxd4 {[%emt 0:00:03]} Qc7 {[%emt 0:00:07]} 6. Be3 {[%emt 0:00:25]} a6 {[%emt 0:02:43]} 7. a3 {[%emt 0:00:34]} b5 {[%emt 0:01:01]} 8. Nxc6 {[%emt 0:00:15]} Qxc6 {[%emt 0:00:22]} 9. Be2 {[%emt 0:01:23]} Bb7 {[%emt 0:00:26]} 10. O-O {[%emt 0:00:55]} Bc5 {[%emt 0:09:54]} 11. Qd2 {[%emt 0:02:40]} d6 {[%emt 0:17:58]} 12. Rad1 {[%emt 0:05:15]} Rd8 {[%emt 0:00:26]} 13. Bg5 {[%emt 0:14:00]} f6 {[%emt 0:12:43]} 14. Be3 {[%emt 0:04:38]} Ne7 {[%emt 0:00:34]} 15. Bg4 {[%emt 0:03:37]} Kf7 {[%emt 0:10:41]} 16. Rfe1 {[%emt 0:06:55]} Ng6 {[%emt 0:02:03]} 17. Bh5 {[%emt 0:02:20]} Rhe8 {[%emt 0:04:06]} 18. f4 {[%emt 0:03:00]} Kg8 {[%emt 0:00:17]} 19. Kh1 {[%emt 0:03:56]} Re7 {[%emt 0:06:57]} 20. Qf2 {[%emt 0:03:42]} Rc7 {[%emt 0:01:23]} 21. Qg3 {[%emt 0:04:15]} Bxe3 {[%emt 0:06:21]} 22. Rxe3 {[%emt 0:01:39]} Qc5 {[%emt 0:00:11]} 23. Bxg6 {[%emt 0:04:26]} hxg6 {[%emt 0:00:01]} 24. Red3 {[%emt 0:04:32]} Kf7 {[%emt 0:01:31]} 25. e5 {[%emt 0:02:54]} d5 {[%emt 0:00:39]} 26. Ne4 {[%emt 0:01:35]} Qxc2 {[%emt 0:02:29]} 27. Nd6+ {[%emt 0:01:09]} Rxd6 {[%emt 0:00:02]} 28. exd6 {[%emt 0:00:08]} Rd7 {[%emt 0:00:02]} 29. Re1 {[%emt 0:01:11]} Qc6 {[%emt 0:00:29]} 30. Qg4 {[%emt 0:01:39]} Rxd6 {[%emt 0:01:27]} 31. Rg3 {[%emt 0:00:27]} Qc2 {[%emt 0:07:33]} 32. Rc3 {[%emt 0:01:21]} Qf2 {[%emt 0:00:23]} 33. Rc7+ {[%emt 0:02:00]} Kf8 {[%emt 0:00:02]} 34. Rec1 {[%emt 0:01:13]} Rc6 {[%emt 0:01:36]} 35. R7xc6 {[%emt 0:00:23]} Bxc6 {[%emt 0:00:19]} 36. Qxe6 {[%emt 0:00:09]} 1-0

[Event "ROU-ch Men 2018"]
[Site "Olanesti"]
[Date "2018.05.19"]
[Round "6"]
[White "Ileana, George"]
[Black "Istratescu, Andrei"]
[Result "1/2-1/2"]
[WhiteElo "2325"]
[BlackElo "2589"]
[Annotator "TA"]
[PlyCount "73"]
[EventDate "2018.??.??"]
[EventType "swiss"]
[EventCountry "ROU"]
[SourceTitle "playchess.com"]
[Source "ChessBase"]
[SourceQuality "1"]

{[%evp 23,73,52,64,62,56,40,42,35,36,35,36,18,50,6,39,32,29,32,33,-12,38,22,37,31,43,43,45,21,95,57,65,55,95,72,85,46,84,83,114,100,79,35,42,0,0,0,0,-4,-9,0,31,18]} 1. e4 c5 2. Nf3 e6 3. d4 cxd4 4. Nxd4 a6 5. c4 Nf6 6. Nc3 Qc7 7. a3 b6 8. Be3 Bb7 {B41: Sizilianisch (Paulsen-Variante)} 9. f3 d6 10. Be2 Nbd7 11. O-O Be7 12. Rc1 O-O {LiveBook: 285 Partien} 13. b4 Rac8 14. Qd2 Qb8 15. Kh1 Rfe8 16. Rc2 {[#]} Bf8 $146 ({Vorgänger:} 16... Bd8 17. Na4 Ne5 18. Bg1 h5 19. Bf2 Ng6 20. c5 b5 21. Nb6 Bxb6 22. cxb6 d5 23. Rxc8 Rxc8 {½-½ (47) Sasikiran,K (2642)-Fier,A (2632) Montpellier 2015}) 17. Rb1 h6 18. Bf1 Ba8 19. Rcc1 Ne5 20. Na4 Nfd7 21. Qf2 Be7 22. Be2 Bd8 23. Nb2 Bf6 24. Rd1 Ng6 25. Rbc1 a5 (25... d5 $11 {bleibt in der Remisbreite.}) 26. Na4 axb4 27. axb4 Bh4 28. Qg1 d5 29. Nb5 Be7 30. Rb1 ({Natürlich nicht} 30. Bxb6 $6 Nf4 $14) 30... Nf4 31. Bxf4 $1 Qxf4 32. exd5 (32. cxd5 {is more complex.} exd5 33. Nac3 Nf6 34. exd5 Bd6 35. Rd4) 32... exd5 33. Bf1 Qf5 34. cxd5 Bxd5 35. Nxb6 Nxb6 36. Qxb6 Rb8 37. Qf2 {Precision: Weiß = 46%, Schwarz = 48%.} 1/2-1/2

[Event "ROU-ch Men 2018"]
[Site "Olanesti"]
[Date "2018.05.19"]
[Round "6"]
[White "Pisu, Robert-Daniel"]
[Black "Anton, Teodor"]
[Result "1/2-1/2"]
[WhiteElo "2254"]
[BlackElo "2426"]
[Annotator "TA"]
[PlyCount "73"]
[EventDate "2018.??.??"]
[EventType "swiss"]
[EventCountry "ROU"]
[SourceTitle "playchess.com"]
[Source "ChessBase"]
[SourceQuality "1"]

{[%evp 15,73,45,40,39,43,28,41,43,27,8,10,15,27,30,17,18,25,14,35,6,10,0,0,-1,0,-13,-27,-20,0,-13,0,0,0,0,0,0,0,0,0,0,0,-99,24,45,54,50,68,0,146,139,136,81,92,95,83,80,85,80,63,43]} 1. d4 Nf6 2. c4 e6 3. Nf3 Bb4+ 4. Nbd2 b6 5. e3 Bb7 6. Bd3 O-O 7. O-O Bxd2 8. Nxd2 c5 {LiveBook: 6 Games. E14: Queen's Indian: Classical Variation (4 e3)} (8... d6 9. b3 e5 10. Bb2 Qe7 11. Qc2 c5 12. d5 Nbd7 13. Rae1 Rae8 14. e4 Nh5 15. g3 g6 16. Kh1 {1-0 (36) Kosic,D (2517)-Milanovic,S (2395) Niksic 2016}) 9. b3 cxd4 10. exd4 d5 {White has an edge.} 11. Ba3 $146 ({Predecessor:} 11. Bb2 Nc6 12. Rc1 Qd6 13. Re1 Qf4 14. g3 Qh6 15. c5 bxc5 16. dxc5 {1-0 (43) Ostovic,M (2330)-Sokac,M (2305) Sv Filip i Jakov 2015}) 11... Re8 12. c5 bxc5 13. Bxc5 Ba6 14. Bxa6 Nxa6 15. b4 Qd7 16. a4 Rec8 17. Qe2 Nxc5 18. bxc5 Rab8 19. Rfb1 Rxb1+ 20. Rxb1 Qxa4 21. Nf3 Ne4 {...Nc3 is the strong threat.} 22. Qb2 f6 23. Qb7 Rf8 24. h3 Qc2 25. Rb2 Qc1+ 26. Kh2 Qf4+ 27. Kg1 $1 h6 28. Rc2 {[#]} (28. Rb1 $11) 28... Rb8 (28... Qb8 $1 $17 {[%cal Rb8b7]} 29. Qxb8 Rxb8) 29. c6 $1 $11 {[%cal Rc6c7]} Kh7 $1 {[#]} ({Avoid the trap} 29... Rxb7 $2 30. cxb7 a5 31. Rc8+ Kf7 32. b8=Q $18) 30. Ne5 $1 {[%mdl 1536] White has compensation.} Rg8 (30... fxe5 31. Qxb8) 31. Nd7 (31. Nd3 $14 Qf5 32. c7) 31... a5 (31... Nd6 $1 $11 {remains equal.} 32. Qb4 Rc8) 32. c7 $16 Nd6 33. Qa6 ({White should play} 33. Qb2) 33... Qxd4 {aiming for ...Qd1+.} 34. c8=Q Nxc8 35. Rxc8 Rxc8 36. Qxc8 {White threatens Nf8+ and mate.} Qc4 37. Nf8+ {Precision: White = 59%, Black = 50%.} 1/2-1/2

[Event "ROU-ch Men 2018"]
[Site "Olanesti"]
[Date "2018.05.19"]
[Round "6"]
[White "Rusan, Paul-Cristian"]
[Black "Craciun, Ovidiu"]
[Result "0-1"]
[WhiteElo "2213"]
[BlackElo "1931"]
[Annotator "NA"]
[PlyCount "102"]
[EventDate "2018.??.??"]
[EventType "swiss"]
[EventCountry "ROU"]
[SourceTitle "playchess.com"]
[Source "ChessBase"]
[SourceQuality "1"]
[TimeControl "40/5400+30:1800+30"]

1. e4 {[%emt 0:00:00]} e5 {[%emt 0:00:59]} 2. Nf3 {[%emt 0:00:00]} Nc6 {[%emt 0:00:03]} 3. d4 {[%emt 0:00:00]} exd4 {[%emt 0:00:11]} 4. Bc4 {[%emt 0:00:04]} Nf6 {[%emt 0:00:22]} 5. e5 {[%emt 0:00:18]} d5 {[%emt 0:00:08]} 6. Bb5 {[%emt 0:00:13]} Ne4 {[%emt 0:00:07]} 7. Nxd4 {[%emt 0:00:22]} Bd7 {[%emt 0:00:04]} 8. Bxc6 {[%emt 0:00:16]} bxc6 {[%emt 0:00:09]} 9. O-O {[%emt 0:00:21]} Bc5 {[%emt 0:04:51]} 10. f3 {[%emt 0:02:02]} Ng5 {[%emt 0:00:51]} 11. Be3 {[%emt 0:01:50]} Bb6 {[%emt 0:06:48]} 12. f4 {[%emt 0:01:46]} Ne4 {[%emt 0:01:21]} 13. Nd2 {[%emt 0:01:49]} Nxd2 {[%emt 0:10:41]} 14. Qxd2 {[%emt 0:00:10]} c5 {[%emt 0:00:08]} 15. Nf3 {[%emt 0:00:33]} d4 {[%emt 0:02:44]} 16. Bf2 {[%emt 0:01:09]} Bc6 {[%emt 0:00:30]} 17. a4 {[%emt 0:00:49]} a5 {[%emt 0:01:25]} 18. f5 {[%emt 0:04:05]} Qd5 {[%emt 0:16:38]} 19. Qg5 {[%emt 0:13:03]} h6 {[%emt 0:02:26]} 20. Qxg7 {[%emt 0:02:09]} O-O-O {[%emt 0:03:25]} 21. Qf6 {[%emt 0:01:14]} Rdg8 {[%emt 0:05:00]} 22. Bg3 {[%emt 0:03:30]} c4 {[%emt 0:05:16]} 23. Kh1 {[%emt 0:01:17]} d3 {[%emt 0:00:16]} 24. cxd3 {[%emt 0:05:08]} cxd3 {[%emt 0:01:58]} 25. b4 {[%emt 0:13:24]} d2 {[%emt 0:12:26]} 26. b5 {[%emt 0:05:21]} Bb7 {[%emt 0:00:45]} 27. Rad1 {[%emt 0:05:19]} Be3 {[%emt 0:00:37]} 28. e6 {[%emt 0:05:48]} fxe6 {[%emt 0:11:18]} 29. fxe6 {[%emt 0:04:59]} Rh7 {[%emt 0:02:59]} 30. Nh4 {[%emt 0:21:45]} Bg5 {[%emt 0:01:07]} 31. Qf8+ {[%emt 0:02:23]} Rxf8 {[%emt 0:00:10]} 32. Rxf8+ {[%emt 0:00:02]} Bd8 {[%emt 0:00:17]} 33. b6 {[%emt 0:04:34]} cxb6 {[%emt 0:06:17]} 34. Nf3 {[%emt 0:00:18]} Qxe6 {[%emt 0:00:39]} 35. Rxd2 {[%emt 0:00:10]} Rd7 {[%emt 0:00:12]} 36. Rc2+ {[%emt 0:00:16]} Bc6 {[%emt 0:00:11]} 37. h3 {[%emt 0:01:00]} Kb7 {[%emt 0:02:18]} 38. Kh2 {[%emt 0:00:28]} Bxf3 {[%emt 0:00:58]} 39. Rxf3 {[%emt 0:00:08]} Bc7 {[%emt 0:00:27]} 40. Bxc7 {[%emt 0:00:00]} Rxc7 {[%emt 0:00:09]} 41. Rcf2 {[%emt 0:02:06]} Qe5+ {[%emt 0:00:50]} 42. g3 {[%emt 0:00:23]} Qe4 {[%emt 0:02:05]} 43. Rf4 {[%emt 0:00:40]} Qb1 {[%emt 0:00:14]} 44. Rf8 {[%emt 0:00:39]} Rc2 {[%emt 0:00:51]} 45. h4 {[%emt 0:00:58]} Qd1 {[%emt 0:01:27]} 46. Kg2 {[%emt 0:03:02]} Rxf2+ {[%emt 0:00:19]} 47. Rxf2 {[%emt 0:00:09]} Qxa4 {[%emt 0:00:04]} 48. h5 {[%emt 0:00:29]} Qe4+ {[%emt 0:00:29]} 49. Kh3 {[%emt 0:00:09]} a4 {[%emt 0:00:11]} 50. Rf6 {[%emt 0:00:21]} a3 {[%emt 0:00:23]} 51. Rxh6 {[%emt 0:00:17]} a2 {[%emt 0:00:12]} 0-1

[Event "ROU-ch Men 2018"]
[Site "Olanesti"]
[Date "2018.05.19"]
[Round "6"]
[White "Ciorgovean, Iustin"]
[Black "Dumitru, Matei-Ioan"]
[Result "1-0"]
[WhiteElo "2169"]
[BlackElo "2164"]
[Annotator "NA"]
[PlyCount "97"]
[EventDate "2018.??.??"]
[EventType "swiss"]
[EventCountry "ROU"]
[SourceTitle "playchess.com"]
[Source "ChessBase"]
[SourceQuality "1"]
[TimeControl "40/5400+30:1800+30"]

1. d4 {[%emt 0:00:00]} d5 {[%emt 0:00:07]} 2. c4 {[%emt 0:00:00]} e6 {[%emt 0:00:04]} 3. Nc3 {[%emt 0:00:00]} Nf6 {[%emt 0:00:04]} 4. cxd5 {[%emt 0:00:00]} exd5 {[%emt 0:00:05]} 5. Bg5 {[%emt 0:00:00]} Nbd7 {[%emt 0:00:07]} 6. e3 {[%emt 0:00:27]} Be7 {[%emt 0:00:06]} 7. Bd3 {[%emt 0:01:10]} c6 {[%emt 0:00:05]} 8. Qc2 {[%emt 0:01:44]} Nh5 {[%emt 0:00:06]} 9. Bxe7 {[%emt 0:01:05]} Qxe7 {[%emt 0:00:05]} 10. O-O-O {[%emt 0:03:45]} Nb6 {[%emt 0:00:21]} 11. h3 {[%emt 0:09:01]} g6 {[%emt 0:00:21]} 12. g4 {[%emt 0:06:41]} Ng7 {[%emt 0:00:14]} 13. Nf3 {[%emt 0:01:42]} Be6 {[%emt 0:01:16]} 14. Kb1 {[%emt 0:08:22]} O-O-O {[%emt 0:00:10]} 15. Rc1 {[%emt 0:04:05]} Kb8 {[%emt 0:00:06]} 16. Na4 {[%emt 0:05:08]} Nxa4 {[%emt 0:08:36]} 17. Qxa4 {[%emt 0:00:07]} Qf6 {[%emt 0:01:55]} 18. Ne5 {[%emt 0:16:28]} Rc8 {[%emt 0:14:27]} 19. f4 {[%emt 0:04:43]} Qe7 {[%emt 0:00:57]} 20. Qc2 {[%emt 0:00:31]} f6 {[%emt 0:03:29]} 21. Nf3 {[%emt 0:00:05]} Bd7 {[%emt 0:05:33]} 22. Rhe1 {[%emt 0:01:51]} Qd6 {[%emt 0:04:20]} 23. Qc5 {[%emt 0:08:35]} Qxc5 {[%emt 0:02:30]} 24. dxc5 {[%emt 0:00:30]} h5 {[%emt 0:10:00]} 25. g5 {[%emt 0:02:34]} f5 {[%emt 0:11:47]} 26. Ne5 {[%emt 0:04:55]} Be8 {[%emt 0:00:13]} 27. h4 {[%emt 0:00:07]} Ne6 {[%emt 0:00:23]} 28. b4 {[%emt 0:00:14]} Rh7 {[%emt 0:01:53]} 29. Kb2 {[%emt 0:02:12]} Kc7 {[%emt 0:16:45]} 30. Nf3 {[%emt 0:06:16]} b5 {[%emt 0:01:28]} 31. a4 {[%emt 0:01:05]} a6 {[%emt 0:02:17]} 32. Ra1 {[%emt 0:01:14]} Kb8 {[%emt 0:04:37]} 33. Kc3 {[%emt 0:00:43]} Ra7 {[%emt 0:01:06]} 34. Nd4 {[%emt 0:00:42]} Ng7 {[%emt 0:01:36]} 35. Ra3 {[%emt 0:01:39]} Kb7 {[%emt 0:01:10]} 36. Rea1 {[%emt 0:00:48]} Rca8 {[%emt 0:00:08]} 37. Be2 {[%emt 0:01:09]} Kb8 {[%emt 0:02:05]} 38. Bf3 {[%emt 0:00:21]} Bd7 {[%emt 0:01:33]} 39. Bg2 {[%emt 0:01:00]} Be8 {[%emt 0:00:22]} 40. axb5 {[%emt 0:00:00]} axb5 {[%emt 0:00:33]} 41. Rxa7 {[%emt 0:00:54]} Rxa7 {[%emt 0:00:06]} 42. Rxa7 {[%emt 0:00:04]} Kxa7 {[%emt 0:00:06]} 43. Nxb5+ {[%emt 0:00:05]} cxb5 {[%emt 0:01:52]} 44. Bxd5 {[%emt 0:00:15]} Bd7 {[%emt 0:06:23]} 45. Kd4 {[%emt 0:00:36]} Be6 {[%emt 0:02:20]} 46. Bc6 {[%emt 0:03:07]} Bc4 {[%emt 0:05:34]} 47. Ke5 {[%emt 0:00:56]} Ne6 {[%emt 0:00:40]} 48. Kf6 {[%emt 0:05:30]} Nd8 {[%emt 0:04:04]} 49. Be8 {[%emt 0:00:31]} 1-0

[Event "ROU-ch Men 2018"]
[Site "Olanesti"]
[Date "2018.05.19"]
[Round "6"]
[White "Daianu, Cristian-Clement"]
[Black "Manea, Alexandru"]
[Result "1-0"]
[WhiteElo "2150"]
[BlackElo "2402"]
[Annotator "NA"]
[PlyCount "75"]
[EventDate "2018.??.??"]
[EventType "swiss"]
[EventCountry "ROU"]
[SourceTitle "playchess.com"]
[Source "ChessBase"]
[SourceQuality "1"]
[TimeControl "40/5400+30:1800+30"]

1. e4 {[%emt 0:02:35]} e6 {[%emt 0:00:24]} 2. d4 {[%emt 0:00:20]} d5 {[%emt 0:00:08]} 3. Nd2 {[%emt 0:00:05]} Nc6 {[%emt 0:01:59]} 4. Ngf3 {[%emt 0:01:06]} Nf6 {[%emt 0:00:19]} 5. e5 {[%emt 0:00:22]} Nd7 {[%emt 0:00:07]} 6. Bd3 {[%emt 0:00:25]} Nb4 {[%emt 0:02:06]} 7. Be2 {[%emt 0:00:56]} c5 {[%emt 0:00:09]} 8. c3 {[%emt 0:00:14]} Nc6 {[%emt 0:00:06]} 9. Bd3 {[%emt 0:00:25]} Be7 {[%emt 0:00:15]} 10. O-O {[%emt 0:00:34]} a5 {[%emt 0:00:07]} 11. Re1 {[%emt 0:15:43]} c4 {[%emt 0:03:54]} 12. Bc2 {[%emt 0:08:55]} b5 {[%emt 0:00:10]} 13. Nf1 {[%emt 0:01:15]} Nb6 {[%emt 0:02:45]} 14. Ng3 {[%emt 0:02:23]} h5 {[%emt 0:00:22]} 15. h3 {[%emt 0:06:03]} b4 {[%emt 0:05:20]} 16. Bd2 {[%emt 0:12:34]} a4 {[%emt 0:07:43]} 17. b3 {[%emt 0:09:56]} bxc3 {[%emt 0:07:38]} 18. Bxc3 {[%emt 0:00:15]} Nb4 {[%emt 0:00:04]} 19. Bb1 {[%emt 0:03:05]} h4 {[%emt 0:17:14]} 20. Ne2 {[%emt 0:05:09]} Ba6 {[%emt 0:00:09]} 21. Qd2 {[%emt 0:01:51]} Nc6 {[%emt 0:03:57]} 22. b4 {[%emt 0:04:05]} a3 {[%emt 0:00:07]} 23. Bc2 {[%emt 0:00:03]} Bb5 {[%emt 0:00:46]} 24. Rab1 {[%emt 0:00:21]} Kd7 {[%emt 0:22:27]} 25. Qf4 {[%emt 0:02:58]} Qf8 {[%emt 0:01:08]} 26. Bd2 {[%emt 0:06:51]} Ba4 {[%emt 0:00:33]} 27. Bxa4 {[%emt 0:01:16]} Rxa4 {[%emt 0:06:22]} 28. b5 {[%emt 0:03:26]} Nb4 {[%emt 0:00:19]} 29. Bxb4 {[%emt 0:00:56]} Bxb4 {[%emt 0:00:08]} 30. Rec1 {[%emt 0:00:39]} Qe7 {[%emt 0:05:30]} 31. Nc3 {[%emt 0:04:54]} Ra5 {[%emt 0:07:32]} 32. Qg4 {[%emt 0:03:36]} g6 {[%emt 0:00:31]} 33. Nd2 {[%emt 0:00:50]} Na4 {[%emt 0:01:26]} 34. Nxd5 {[%emt 0:00:20]} Bxd2 {[%emt 0:01:33]} 35. Nxe7 {[%emt 0:00:07]} Bxc1 {[%emt 0:00:15]} 36. Rxc1 {[%emt 0:00:09]} c3 {[%emt 0:00:36]} 37. Nd5 {[%emt 0:00:29]} Rc8 {[%emt 0:00:28]} 38. Ne3 {[%emt 0:01:46]} 1-0